Statistics for Top 100 Countries by Best Health Care

Click here to take the quiz!

General Stats

  • This quiz has been taken 121 times
  • The average score is 69 of 100

Answer Stats

#Answer% Correct
30Canada
97%
18United Kingdom
97%
37United States
97%
1France
94%
23Sweden
92%
32Australia
91%
31Finland
91%
17Netherlands
91%
25Germany
90%
7Spain
90%
10Japan
89%
11Norway
89%
2Italy
88%
58South Korea
88%
20Switzerland
88%
9Austria
87%
34Denmark
87%
41New Zealand
87%
19Ireland
86%
21Belguim
85%
15Iceland
85%
93Iran
85%
61Mexico
85%
12Portugal
83%
63Egypt
82%
50Poland
82%
26Saudi Arabia
82%
6Singapore
81%
70Turkey
81%
75Argentina
80%
28Israel
80%
16Luxembourg
80%
27United Arab Emirates
80%
33Chile
79%
48Czech Republic
79%
14Greece
79%
13Monaco
79%
62Slovakia
79%
43Croatia
77%
39Cuba
77%
38Slovenia
77%
77Estonia
76%
44Qatar
76%
79Ukraine
76%
4Andorra
75%
66Hungary
75%
99Romania
74%
3San Marino
74%
81Algeria
73%
47Thailand
73%
73Lithuania
72%
65Uruguay
71%
45Kuwait
70%
49Malaysia
70%
29Morocco
70%
42Bahrain
69%
92Indonesia
69%
90Bosnia and Herzegovina
68%
95Panama
68%
55Albania
66%
5Malta
66%
8Oman
66%
52Tunisia
66%
91Lebanon
65%
22Colombia
64%
83Jordan
64%
57Paraguay
64%
89North Macedonia
63%
36Costa Rica
61%
94Bahamas
60%
53Jamaica
60%
40Brunei
59%
35Dominica
59%
60Philippines
59%
72Belarus
58%
24Cyprus
57%
51Dominican Republic
57%
100Saint Kitts and Nevis
57%
68Saint Lucia
57%
46Barbados
56%
69Belize
55%
78Guatemala
55%
64Kazakhstan
55%
54Venezuela
54%
96Fiji
53%
56Seychelles
53%
67Trinidad and Tobago
52%
87Libya
51%
86Antigua and Barbuda
49%
85Grenada
49%
71Nicaragua
48%
84Mauritius
47%
76Sri Lanka
46%
98Nauru
45%
82Palau
42%
80Solomon Islands
33%
88Bangladesh
29%
59Senegal
28%
97Benin
17%
74Saint Vincent and Grenadines
1%

Score Distribution

Percentile by Number Answered

Percent of People with Each Score

Your Score History

You have not taken this quiz